| 000 | 00713nam a22002057a 4500 | ||
|---|---|---|---|
| 005 | 20240530110916.0 | ||
| 008 | 220221s1918 ua c g b 000 0 ara d | ||
| 017 | _bمصر. دار الكتب | ||
| 020 | _a978988452109 | ||
| 040 |
_aEG-CaGPL _cEG-CaGPL |
||
| 082 | 0 | 4 |
_221 _a415.1 / _bهـ م |
| 100 | 0 | _aهشام الانصارى | |
| 245 | 1 | 0 |
_aمغنى اللبيب : _bوبهامشه حاشية الشيخ محمد الامير / _cهشام الانصارى |
| 260 |
_aالقاهرة : _bدار الكتاب المصرى، _cد.ت |
||
| 300 |
_aمتعدد ص؛ _c24 سم |
||
| 650 |
_aاللغة العربية _2qrmak |
||
| 651 | _2qrmak | ||
| 942 |
_2ddc _cBK |
||
| 999 |
_c66397 _d66397 |
||